| 000 | 00540nam a2200229Ia 4500 | ||
|---|---|---|---|
| 008 | 210210b xxu||||| |||| 00| 0 eng d | ||
| 041 | _aeng | ||
| 082 | _a383/149 | ||
| 100 | _aDICKSEE (Lawrence R) | ||
| 245 | _aOffice organization and management Ed 13 | ||
| 250 | _a | ||
| 260 |
_aLondon _bSir Isaac Pitman & Sons Ltd., _c |
||
| 300 | _aix,326 | ||
| 650 | _aorganization | ||
| 650 | _aOffice | ||
| 650 | _amanagement | ||
| 650 | _aEd | ||
| 650 | _a13 | ||
| 690 | _aManagement | ||
| 700 | _aBLAIN (Herbert E) | ||
| 906 | _a005345 | ||
| 999 |
_c125295 _d125295 |
||